Структурные особенности терминологических акронимов в текстах английского научно-технического стиля сферы возобновляемых источников энергии (ВИЭ); Филологические науки. Вопросы теории и практики; № 5-1 (23)

Bibliographische Detailangaben
Parent link:Филологические науки. Вопросы теории и практики.— , 2008-
№ 5-1 (23).— 2013.— [С. 71-73]
1. Verfasser: Кобенко Ю. В. Юрий Викторович
Körperschaft: Национальный исследовательский Томский политехнический университет
Weitere Verfasser: Зяблова Н. Н. Наталия Николаевна
Zusammenfassung:Заглавие с экрана
В статье рассматриваются структурные особенности терминологических акронимов в текстах английского научно-технического стиля сферы возобновляемых источников энергии на примере отдельных словообразовательных моделей соответствующей терминосистемы, даётся обоснование роста числа номенклатурных единиц, используемых в указанной сфере, проводится компонентный анализ терминологических моделей, в составе которых зафиксированы акронимические элементы.
The authors consider the structural features of terminological acronyms in the texts of English scientific-technical style of renewable energy sources sphere by the example of certain word-formative models of corresponding term system, substantiate the growth in the number of nomenclature units used in this sphere, and conduct the component analysis of terminological models, which include acronymic elements.
Режим доступа: по договору с организацией-держателем ресурса
Sprache:Russisch
Veröffentlicht: 2013
Schlagworte:
Online-Zugang:http://www.gramota.net/materials/2/2013/5-1/15.html
http://elibrary.ru/item.asp?id=18905162&
Format: MixedMaterials Elektronisch Buchkapitel
KOHA link:https://koha.lib.tpu.ru/cgi-bin/koha/opac-detail.pl?biblionumber=638998

MARC

LEADER 00000naa0a2200000 4500
001 638998
005 20250523152330.0
035 |a (RuTPU)RU\TPU\network\3395 
035 |a RU\TPU\network\3218 
090 |a 638998 
100 |a 20150218d2013 k||y0rusy50 ca 
101 0 |a rus 
102 |a RU 
135 |a drcn ---uucaa 
181 0 |a i  
182 0 |a b 
200 1 |a Структурные особенности терминологических акронимов в текстах английского научно-технического стиля сферы возобновляемых источников энергии (ВИЭ)  |d Structural Features of Terminological Acronyms in Texts of English Scientific-technical Style of Renewable Energy Sources Sphere  |f Ю. В. Кобенко, Н. Н. Зяблова 
203 |a Текст  |c электронный 
300 |a Заглавие с экрана 
320 |a [Библиогр.: с. 73 (14 назв.)] 
330 |a В статье рассматриваются структурные особенности терминологических акронимов в текстах английского научно-технического стиля сферы возобновляемых источников энергии на примере отдельных словообразовательных моделей соответствующей терминосистемы, даётся обоснование роста числа номенклатурных единиц, используемых в указанной сфере, проводится компонентный анализ терминологических моделей, в составе которых зафиксированы акронимические элементы. 
330 |a The authors consider the structural features of terminological acronyms in the texts of English scientific-technical style of renewable energy sources sphere by the example of certain word-formative models of corresponding term system, substantiate the growth in the number of nomenclature units used in this sphere, and conduct the component analysis of terminological models, which include acronymic elements. 
333 |a Режим доступа: по договору с организацией-держателем ресурса 
461 |t Филологические науки. Вопросы теории и практики  |d 2008- 
463 |t № 5-1 (23)  |v [С. 71-73]  |d 2013 
510 1 |a Structural Features of Terminological Acronyms in Texts of English Scientific-technical Style of Renewable Energy Sources Sphere  |z eng 
610 1 |a электронный ресурс 
610 1 |a труды учёных ТПУ 
610 1 |a акронимы 
610 1 |a английский язык 
610 1 |a научно-технический стиль 
610 1 |a возобновляемые источники энергии 
610 1 |a номенклатурные единицы 
610 1 |a номен 
700 1 |a Кобенко  |b Ю. В.  |c лингвист  |c профессор Томского политехнического университета, доктор филологических наук  |f 1977-  |g Юрий Викторович  |3 (RuTPU)RU\TPU\pers\24747  |9 10988 
701 1 |a Зяблова  |b Н. Н.  |c лингвист  |c доцент Томского политехнического университета, кандидат филологических наук  |f 1976-  |g Наталия Николаевна  |3 (RuTPU)RU\TPU\pers\32081  |9 16120 
712 0 2 |a Национальный исследовательский Томский политехнический университет  |c (2009- )  |9 26305 
801 2 |a RU  |b 63413507  |c 20150218  |g RCR 
850 |a 63413507 
856 4 |u http://www.gramota.net/materials/2/2013/5-1/15.html 
856 4 |u http://elibrary.ru/item.asp?id=18905162& 
942 |c CF